Κατάλογος Βιβλιοθηκών Mediterranean College

The Making of the New Environmental Consciousness / A Comparative Study of the Environmental Movements in Sweden, Denmark and the Netherlands (Record no. 474)

MARC details
000 -LEADER
fixed length control field 01705cam a22002414a 4500
005 - ΗΜΕΡΟΜΗΝΙΑ ΚΑΙ ΩΡΑ ΤΕΛΕΥΤΑΙΑΣ ΕΝΗΜΕΡΩΣΗΣ
Πεδίο ελέγχου 20250605163936.0
008 - FIXED-LENGTH DATA ELEMENTS--GENERAL INFORMATION
Πεδίο ελέγχου σταθερού μήκους 250528s ||||||||||||||||||||||||d
035 ## - SYSTEM CONTROL NUMBER
System control number 14863
020 ## - ISBN
ISBN 748602356
040 ## - ΠΗΓΗ ΚΑΤΑΛΟΓΟΓΡΑΦΗΣΗΣ
Φορέας πρωτότυπης καταλογογράφησης MC Athens Campus Library
Γλώσσα καταλογογράφησης Ελληνικά, Μοντέρνα (1453-)
Modifying agency MC Athens Campus Library
Κανόνες περιγραφικής καταλογογράφησης AACR2
245 1# - ΤΙΤΛΟΣ ΚΑΙ ΔΗΛΩΣΗ ΥΠΕΥΘΥΝΟΤΗΤΑΣ
Τίτλος The Making of the New Environmental Consciousness / A Comparative Study of the Environmental Movements in Sweden, Denmark and the Netherlands
260 ## - PUBLICATION, DISTRIBUTION, ETC.
Date of publication, distribution, etc. 1993
300 ## - PHYSICAL DESCRIPTION
Extent 218
520 ## - SUMMARY, ETC.
Summary, etc. This book is a systematic analysis of environmentalism in Sweden, Denmark and the Netherlands, showing how each country has developed its own ''shade'' of green and linking theory and empirical research. Foreword, Preface, Concepts and Issues, The Making of the New Environmentalism in Sweden, The Period of Awakening (c. 1960-1967), The Age of Ecology (1968-1973), The Anti-Nuclear Movement (1973-1980), Towards a Green Politics (1980s), The Making of the New Environmentalism in Denmark, The Denial of the Environment (1960-1968), The Era of Political Ecology (1969-1973), The Grassroots Era (1974-1980), Professionalization (1980s), The Development of the New Environmentalism in the Netherlands, The Gradual Rise of the New Environmentalism (1962-1968), The Period of Environmental Consciousness-Raising (1969-1973), Politicization within the Environmental Groups (1974-1980), The Period of Reflection and Reorientation (1981-1989), Conclusions and Comparisons, References, Index.
700 1# - ΠΡΟΣΘΕΤΗ ΑΝΑΓΡΑΦΗ--ΦΥΣΙΚΟ ΠΡΟΣΩΠΟ
Personal name Cramer Jacqueline
9 (RLIN) 636
700 1# - ΠΡΟΣΘΕΤΗ ΑΝΑΓΡΑΦΗ--ΦΥΣΙΚΟ ΠΡΟΣΩΠΟ
Personal name Eyerman Ron
9 (RLIN) 637
700 1# - ΠΡΟΣΘΕΤΗ ΑΝΑΓΡΑΦΗ--ΦΥΣΙΚΟ ΠΡΟΣΩΠΟ
Personal name Jamison Andrew
9 (RLIN) 638
700 1# - ΠΡΟΣΘΕΤΗ ΑΝΑΓΡΑΦΗ--ΦΥΣΙΚΟ ΠΡΟΣΩΠΟ
Personal name Rudig Wolfgang
9 (RLIN) 639
710 2# - ΠΡΟΣΘΕΤΗ ΑΝΑΓΡΑΦΗ--ΣΥΛΛΟΓΙΚΟ ΟΡΓΑΝΟ
Corporate name or jurisdiction name as entry element Environment Politics And Society Series
9 (RLIN) 9711
942 ## - ADDED ENTRY ELEMENTS (KOHA)
Koha item type Books
Holdings
Τύπος τεκμηρίου Βιβλιοθήκη Τρέχουσα τοποθεσία Barcode Αριθμός εισαγωγής Ημερομηνία απόκτησης Ταξιθετικό σύμβολο Αριθμός αντιτύπου Κατάσταση απόσυρσης Κατάσταση χαμένου Κατάσταση κατεστραμμένου Μη δανεισμός Σύνολο δανεισμών Ημερομηνία τελευταίας εμφάνισης Η τιμή ισχύει από
Books MC Athens Campus Library MC Athens Campus Library 9780000004734 5655 05/06/2025 333.72094 JAM 1           05/06/2025 05/06/2025

MC Athens Campus Library
Πατησίων 94 & Κοδριγκτώνος 13, 104 34
Πελλήνης 8 & Πατησίων 107, 112 51
Τ: +30 210 8899600

MC Thessaloniki Campus Library
Ίωνος Δραγούμη 21, 54625 | Ίωνος Δραγούμη 15, 54625
Τ: +30 2310 287779 – Τ: +30 2314 440300